000 00218nam a2200097Ia 4500
008 170619s9999 xx 000 0 und d
100 _aLambe- T. William
245 0 _aSoil Mechanics
260 _bWiley-India
260 _c2011
546 _aENGLISH
999 _c20631
_d20631